000
00332 a2200157 4500
001
68290
020
_a
9783852721613
040
_c
Anchieta - Pituba
100
_a
Campbell, Robert
240
1
0
_a
Next door
_l
eng
245
1
0
_a
Next door
300
_a
84
362
0
_a
2010
650
4
_a
Literatura juvenil em inglês
942
_c
BK
999
_c
68290
_d
68290